Loading...
Religion | 0 | 6 | 0 | 2 | 60 | 43 | 97.83 | 1 | 2 |
History - Other History | 0 | 5 | 1 | 0 | 45 | 64 | 103.20 | 1 | 3 |
Other | 0 | 4 | 0 | 0 | 40 | 57 | 71.75 | 0 | 2 |
Mythology | 0 | 3 | 0 | 0 | 30 | 68 | 104.33 | 1 | 1 |
History - World History | 0 | 3 | 1 | 2 | 25 | 91 | 119.00 | 0 | 2 |
History - American History | 0 | 3 | 2 | 3 | 20 | 125 | 126.67 | 0 | 1 |
Philosophy | 0 | 1 | 0 | 0 | 10 | 123 | 123.00 | 0 | 1 |
Science - Biology | 0 | 1 | 0 | 0 | 10 | 87 | 87.00 | 0 | 0 |
Science - Physics | 0 | 1 | 0 | 0 | 10 | 133 | 133.00 | 0 | 0 |
Social Science | 0 | 1 | 0 | 0 | 10 | 68 | 68.00 | 1 | 1 |
Literature - British Literature | 0 | 1 | 0 | 0 | 10 | 91 | 91.00 | 1 | 1 |
Science - Other Science | 0 | 1 | 1 | 0 | 5 | 126 | 126.00 | 0 | 0 |
Literature - World Literature | 0 | 0 | 0 | 0 | 0 | 0.00 | 0 | 0 | |
History - European History | 0 | 1 | 2 | 0 | 0 | 130 | 130.00 | 0 | 0 |
Literature - American Literature | 0 | 0 | 0 | 0 | 0 | 0.00 | 0 | 0 | |
Literature - European Literature | 0 | 0 | 0 | 0 | 0 | 0.00 | 0 | 0 | |
Fine Arts - Painting & Sculpture | 0 | 0 | 0 | 0 | 0 | 0.00 | 0 | 0 |